Linear algebra

Saved in:
Bibliographic Details
Main Author: Smith, Larry
Format: Book
Language:English
Published: New York : Springer-Verlag, c1984
Edition:2nd ed
Series:Undergraduate texts in mathematics
Subjects:
Tags: Add Tag
No Tags, Be the first to tag this record!

MARC

LEADER 00000cam a2200000 i 4500
001 1/31400
008 941103s1984 eng d
020 |a 0387960155 
035 |l 10038818 
035 |a 1993 
040 |a GR-MY-UA  |b gre  |e aacr 
041 0 |a eng 
082 0 |a 512.5  |2 (19) 
100 1 |a Smith, Larry. 
245 1 0 |a Linear algebra /  |c Larry Smith 
250 |a 2nd ed  |b 1984 (1992 Third cor. pr.) 
260 |a New York :   |b Springer-Verlag,   |c c1984 
300 |a vii, 362 p.;  |b ill.;  |c 25 cm 
490 1 |a Undergraduate texts in mathematics 
500 |a Includes index 
650 0 0 |a Algebras, Linear. 
830 0 |a Undergraduate texts in mathematics 
852 |a INST  |b SAMOS  |e 19941103  |h 512.5 SMI  |p 005300003586  |q 005300003586  |t BK  |y 0 
909 |a Σ  |b 029451